00437nam a2200157Ia 4500001000500000005001700005008004100022041000800063082001700071100003100088245010700119260000900226300002800235650000800263654000800271953220260306161725.0260306t1995||||xx |||||||||||||| ||spa|| aESP a380.141bP53 aPichihua Serna, Juan,eAUT 0aConcentración de la información y transparencia en la comercialización de alimentos en el Perú c1995 a424 páginas :c20 cm. aGEN aCAN